00753nam a2200253Ia 450000500170000000800410001704000190005804100120007708200180008910000140010724500470012125000290016826000410019730000120023844000420025050400220029263000220031465000140033665100100035085000100036094200070037099900160037795201060039320240228092738.0131103s9999 xx 000 0 und d aLoreto College aEnglish a370.954 bNAI aNaik,J.P. aEducation in the Fourth Plan, cJ.P.Naik a review and perspective  aBombaybNachiketa Publicationsc1968 a122 p.  aIndian Committee For Cultural Freedom aIncludes appendix aIndia - Education aEducation aIndia aLCLIB cBK c9172d59651 00102ddc4070aMAINbMAINd2013-11-04l0o370.954 NAI 17552pB9048r2013-11-04w2013-11-04yBKf